00766 2200253 4500001002100000005001700021008004100038035002400079082001100103090001800114100002900132245012600161250001100287260003500298300002800333500002600361650002000387700002700407700002700434850001500461980001500476985000600491999001500497YOGYA-0209000002328520090227023746.0 ind  0010-020900000023285 a613.28 a613.28bPra P aPRANAJI, Diah Krisnatuti aPerencanaan menu untuk penderita diabetes melituscDiah Krisnatuti Pranadji, Dwi Hastuti Martianto, Vera Uripi Subandriyo aCet. 2 aJakartabPenebar Swadayac1999 av, 126 hlmbilusc21 cm aBibliografi : hlm. 43 aDiet bebas gula aMartianto, Dwi Hastuti aSubandriyo, Vera Uripi aYOPDYOG(B) a02-11-2007 a1 a06A0020894